Świąteczne filmy - Statystyki

Ogólne statystyki
  • Ten quiz został rozwiązany 406 razy
  • Średni wynik to 5 z 18
Statystyki odpowiedzi
Opis Tytuł filmu % Poprawnych
Dziecko bez opieki używa pułapek, aby pokonać włamywaczy. Kevin sam w domu
99%
Skąpiec znajduje odkupienie po tym, jak odwiedzają go trzy duchy Bożego Narodzenia. Opowieść wigilijna
74%
Mężczyzna, wychowany jako elf, jedzie do Nowego Jorku. Elf
55%
Zielony, włochaty stwór popełnia próbę włamania do Whoville. Grinch: Świąt nie będzie
44%
Magiczny pociąg zabiera konduktora, dzieci i włóczęgę na biegun północny. Ekspres polarny
41%
Facet zabija terrorystów w wieżowcu w Los Angeles. Poza tym, jest Boże Narodzenie. Szklana pułapka
28%
Mieszkańcy Miasteczka Halloween przejmują Świąteczne Miasteczko. Miasteczko Halloween
19%
Idealny prezent świąteczny - tylko nie zamocz go ani nie karm po północy! Gremliny
16%
Zmarły tata dostaje drugą szansę na bycie troskliwym ojcem... jako bałwan. Jack Frost
15%
Jeśli Mikołaj spadnie z twojego dachu i umrze, TY stajesz się Mikołajem. Śnięty Mikołaj
15%
Muskularny ojciec zadaje sobie wiele trudu, aby zdobyć wyprzedaną zabawkę. Świąteczna gorączka
12%
Para z przedmieścia rezygnuje z Bożego Narodzenia na rzecz rejsu po Karaibach. Święta Last Minute
12%
Plan Clarka Griswolda na idealne Boże Narodzenie idzie źle. W krzywym zwierciadle: Witaj, Święty Mikołaju
9%
Święty Mikołaj i elf co roku w Boże Narodzenie okradają inne centrum handlowe. Zły Mikołaj
9%
Mikołaj z domu towarowego Macy's może być prawdziwym Mikołajem. Cud na 34. ulicy
4%
Mężczyzna o skłonnościach samobójczych, zostaje uratowany przez anioła, który pokazuje mu jakby wyglądał świat, gdyby nigdy nie żył. To wspaniałe życie
4%
Współczesne ujęcie powyższego tematu, z Billem Murrayem w roli zimnokrwistego dyrektora telewizji. Wigilijny show
2%
Dzieciak odstrzeli sobie oko, jeśli dostanie na Gwiazdkę pistolet BB. Prezent pod choinkę
1%
Nie znaleziono quizów pasujących do podanych kryteriów
Rozkład punktacji
Procent ludzi z każdym wynikiem
Percentyl według liczby udzielonych odpowiedzi
Twoja historia wyników
Nie rozwiązałeś tego quizu